A videójátékpiac marketingstratégiáinak elemzése a Riot Games példáján keresztül

Bibliográfiai részletek
Szerző: Fischer András György
További közreműködők: Colabruni Francesco
Talata Dr. István
Dokumentumtípus: Diplomadolgozat
Kulcsszavak:7P modell
játékospiac
marketingstratégia
üzleti modellek
videójáték-ipar
videójátékpiac
Online Access:http://dolgozattar.uni-bge.hu/58560

MARC

LEADER 00000nta a2200000 i 4500
001 dolg58560
005 20251027142018.0
008 251027suuuu hu om 000 hun d
040 |a BGE Dolgozattár Repozitórium  |b hun 
041 |a hu 
100 1 |a Fischer András György 
245 1 2 |a A videójátékpiac marketingstratégiáinak elemzése a Riot Games példáján keresztül  |c Fischer András György  |h [elektronikus dokumentum] 
520 3 |a A dolgozatom célja a videójátékpiac marketingstratégiáinak elemzése egy konkrét játékstúdió példáján keresztül. A szakdolgozatomon keresztül bemutatom a videójáték-ipar fejlődését, és a különböző üzleti modelleket térnyerését, emellett a Riot Games marketingtevékenységeinek sajátosságát. A Riot Games a sikerét leginkább az egyedi közösségi média stratégiájának, az influenszermarketing nagyszerű alkalmazásának, valamint a transzmediális történetmesélés innovatív használatának köszönheti. Primer kutatásom során kérdőíves kutatást végeztem, ahol a játékosok vásárlási szokásait, impulzusvásárlási hajlandóságát és az influenszerek általi befolyásolás hajlandóságát kutattam.A dolgozat rávilágít arra, hogy a Riot Games marketingstratégiája hatékonyan épít a közösségi részvételre és a folyamatos tartalomfrissítésre, amely hosszú távon is fenntartható sikerhez vezet a rendkívül kompetitív videojáték-piacon. 
695 |a 7P modell 
695 |a játékospiac 
695 |a marketingstratégia 
695 |a üzleti modellek 
695 |a videójáték-ipar 
695 |a videójátékpiac 
700 1 |a Colabruni Francesco  |e ths 
700 1 |a Talata Dr. István  |e ths 
856 4 0 |u http://dolgozattar.uni-bge.hu/58560/1/A%20vide%C3%B3j%C3%A1t%C3%A9kpiac%20marketingstrat%C3%A9gi%C3%A1inak%20elemz%C3%A9se%20a%20Riot%20Games%20p%C3%A9ld%C3%A1j%C3%A1n%20kereszt%C3%BCl-Fischer%20Andr%C3%A1s%20Gy%C3%B6rgy-IJ3VH2.pdf  |z Dokumentum-elérés 
856 4 0 |u http://dolgozattar.uni-bge.hu/58560/2/B%C3%ADr%C3%A1lat_FischerAndr%C3%A1sGy%C3%B6rgy.pdf  |z Dokumentum-elérés 
856 4 0 |u http://dolgozattar.uni-bge.hu/58560/3/talata_belso%20_biralo_alapkepzes.pdf  |z Dokumentum-elérés